01310nam a2200289 a 4500001001000000003000900010005001700019008004100036020002900077020002600106040002500132082001500157245013300172260007200305300002900377490006800406490003700474504003200511590002500543610010900568700005300677700003700730830010900767942001400876952011300890999001701003000049234DO-SdBNP20250227073855.0190731s2016 dr c r 000 0 spa d a9789945582659 (Vol. 231) a9789945443622 (serie) aDO-SdBNPbspacBNPHU axxxxbE96t00aExposiciones temporales en el Museo Numismático y Filatélico /cedición José Alcántara Almánzar, Elvis Francis Soto. aSanto Domingo :bBanco Central de la República Dominicana,c2016. a316 p. :bil., ;c23 cm.1 aColección del Banco Central de la República Dominicanav2491 aNumismática y filatélicav17 aBibliografía : p. 291-294 aInventariado,2019/BT20aMuseo Numismático y Filatélico del Banco Central (Banco Central de la República Dominicana)9568461 aAlcántara Almánzar, Joséd1946-eed.970181 aSoto, Elvis Francis,eed.939156 0aColección del Banco Central de la República Dominicanan249pNumismática y filatélican17976535 2ddccLBS1 0010718PDaPDbPDcHDd2019-07-31iLF1l0oxxxx E96tp49235-10r2020-06-25w2020-06-25yLFPDZNo se presta c48722d48722